Najbardziej wartościowe kluby w Europie poza 5 najlepszymi ligami - Statystyki

Ogólne statystyki
  • Ten quiz został rozwiązany 168 razy
  • Średni wynik to 8 z 10
Statystyki odpowiedzi
Klub Liga Wartość % Poprawnych
FC Porto Liga Portugal 392 mln €
98%
Sporting Lizbona Liga Portugal 457 mln €
96%
Ajax Amsterdam Eredivisie 196 mln €
94%
SL Benfica Liga Portugal 357 mln €
94%
Galatasaray Süper Lig 305 mln €
90%
PSV Eindhoven Eredivisie 257 mln €
88%
Fenerbahce Süper Lig 292 mln €
73%
Feyenoord Rotterdam Eredivisie 233 mln €
71%
Club Brugge Jupiler Pro League 194 mln €
62%
Ipswich Town Championship 198 mln €
15%
Nie znaleziono quizów pasujących do podanych kryteriów
Rozkład punktacji
Procent ludzi z każdym wynikiem
Percentyl według liczby udzielonych odpowiedzi
Twoja historia wyników
Nie rozwiązałeś tego quizu